000 00296nam a22001337a 4500
020 _a978-0-143-42875-6
082 _a823
_bBON/W
100 _aBOND, RUSKIN
245 _aWHITE MICE
260 _aGURGAON
_bPUFFIN BOOKS
_c2018
300 _a30
650 _aCHILDRENS STORY BOOK
_zINDIA
942 _cBK
999 _c2743
_d2743